Peněžní ekonomie a bankovnictví
Salvato in:
| Autore principale: | |
|---|---|
| Altri autori: | , |
| Natura: | Libro |
| Lingua: | ceco |
| Pubblicazione: |
Osnice
Ekopress
2023
|
| Edizione: | 7. přepracované vydání, 1. vydání v Ekopress |
| Soggetti: | |
| Tags: |
Nessun Tag, puoi essere il primo ad aggiungerne!!
|
MARC
| LEADER | 00000nam a2200000 4500 | ||
|---|---|---|---|
| 001 | 0300418 | ||
| 005 | 20240910115238.7 | ||
| 020 | |a 978-80-87865-84-2 | ||
| 041 | 0 | |a cze | |
| 044 | |a CZ | ||
| 245 | 1 | 0 | |a Peněžní ekonomie a bankovnictví |c Zbyněk Revenda ... [et al.] |
| 250 | |a 7. přepracované vydání, 1. vydání v Ekopress | ||
| 264 | 1 | |a Osnice |b Ekopress |c 2023 | |
| 300 | |a 372 s. | ||
| 610 | 2 | 0 | |a peniaze |
| 610 | 2 | 0 | |a miera úroková |
| 610 | 2 | 0 | |a trh finančný |
| 610 | 2 | 0 | |a bankovníctvo |
| 610 | 2 | 0 | |a trh kapitálový |
| 610 | 2 | 0 | |a trh burzový |
| 610 | 2 | 0 | |a trh mimoburzový |
| 610 | 2 | 0 | |a papiere cenné |
| 610 | 2 | 0 | |a banky centrálne |
| 610 | 2 | 0 | |a dohľad bankový |
| 610 | 2 | 0 | |a inflácia |
| 610 | 2 | 0 | |a politika menová |
| 610 | 2 | 0 | |a financie medzinárodné |
| 610 | 2 | 0 | |a kurz menový |
| 610 | 2 | 0 | |a trh devízový |
| 100 | 1 | |a Revenda, Zbyněk | |
| 700 | 1 | |a Mandel, Martin | |
| 700 | 1 | |a Kodera, Jan | |